MDQL
is popping MORE tags! Check the
thread
!
Quizzes
Events
Quiz Creation
Community
Videos
Private Events
Remove Ads
Sign In
Join for FREE
Feedback
Dark Mode
Quiz Categories
Sports
Geography
Music
Movies
Television
Just For Fun
Miscellaneous
History
Literature
Language
Science
Gaming
Entertainment
Religion
Holiday
For Kids
Quiz Lab
Recent
Popular Today
Quiz Kudos Today
Editor Picks
Curator Picks
Quizzes by...
Day
Popularity
Type
Ratings
Length
Year
Community
Subscriptions
Recent Discussions
Orange Saloon
Badges
Playlists
Quests
Create
Leaderboards
Showdown
Live 5
Trivia Bingo
Activity
Puzzle Library
Sporcle Events
Private Events
Virtual Trivia
Globe League
Become a Host
Pub Owners
SporcleCon
Opinionation
Our Games
Videos
Blog
Mobile Apps
Partnerships
Remove Ads and Go Orange
Feedback
Sports
Athletes
MLB
NBA
NHL
NFL
Soccer
Sports Teams
WWE
NCAA
Football
Premier League
Basketball
Baseball
Hockey
Golf
Tennis
Cricket
Rugby
Auto Racing
Olympics
World Cup
Sports
Athletes
MLB
NBA
NHL
NFL
Soccer
Sports Teams
WWE
NCAA
Football
Premier League
Basketball
Baseball
Hockey
Golf
Tennis
Cricket
Rugby
Auto Racing
Olympics
World Cup
Random Quiz
Search Sporcle
×
Quiz Lab
Quiz Lab
Sports
Football
Type in answers that appear in a list
Type in answers that appear in a list
Classic
Best Score? Go Orange.
CFL rookie of the year Stats
Can you name the CFL rookies of the year since 1972?
By
thehammer1
5m
40 Questions
55 Plays
55 Plays
55 Plays
Comments
Comments
Give Quiz Kudos
Give Quiz Kudos
-
- Ratings
hide this ad
Replay
Link that replays current quiz
Next Quiz
Link to next quiz in quiz playlist
You Got
0%
They Got
Avg Score
27%
Avg Friend Score
Upgrade to see
Score Distribution
Jump to the score distribution portion of the page
Score
0/40
Timer
05:00
0
Plays Today
Team
Player
% Correct
Hamilton Tiger-
Cats
Chris Williams
82.1%
BC Lions
Cameron Wake
72.7%
Saskatchewan Roughriders
Weston Dressler
67.3%
BC Lions
Solomon Elimimian
54.5%
Calgary Stampeders
Nik Lewis
54.5%
BC Lions
Jason Clermont
50.9%
BC Lions
Aaron Hunt
43.6%
Winnipeg Blue Bombers
Albert Johnson III
41.8%
BC Lions
Martell Mallett
38.2%
Calgary Stampeders
Kelvin Anderson
38.2%
Hamilton Tiger-
Cats
Chuck Ealey
36.4%
Toronto Argonauts
Derrell Mitchell
34.5%
Ottawa Rough Riders
Tom Clements
34.5%
BC Lions
Barrin Simpson
34.5%
Hamilton Tiger-
Cats
Michael O'Shea
32.7%
Edmonton Eskimos
Brian Kelly
30.9%
Ottawa Rough Riders
Orville Lee
29.1%
Winnipeg Blue Bombers
Joe Poplawski
29.1%
Toronto Argonauts
Gil Fenerty
25.5%
Winnipeg Blue Bombers
Gavin Walls
25.5%
Team
Player
% Correct
BC Lions
John Volpe
23.6%
BC Lions
Frank Cutolo
23.6%
Winnipeg Blue Bombers
Mike Richardson
23.6%
Saskatchewan Roughriders
Vince Goldsmith
21.8%
Edmonton Eskimos
Shalon Baker
20%
Calgary Stampeders
Harold Hallman
20%
Ottawa Rough Riders
Reggie Barnes
18.2%
Ottawa Rough Riders
Chris Isaac
16.4%
BC Lions
Steve Muhammad
16.4%
BC Lions
Mike Gray
12.7%
Winnipeg Blue Bombers
William Miller
12.7%
Hamilton Tiger-
Cats
Johnny Shepherd
10.9%
Montreal Alouettes/
Concordes
Dwaine Wilson
10.9%
Hamilton Tiger-
Cats
Stephen Jordan
7.3%
Montreal Alouettes/
Concordes
Johnny Rodgers
7.3%
Toronto Argonauts
Sam Cvijanovich
5.5%
BC Lions
Paul Lacoste
5.5%
BC Lions
John Sciarra
3.6%
BC Lions
Leon Bright
3.6%
Baltimore CFLers
Matt Goodwin
3.6%
Quiz Playlist
Details
Report
Send in Message
Add To Playlist
Classic:
Type in answers that appear in a list
Last Updated: Feb 16, 2017
Quiz Scoreboard
CHALLENGE
Sign Up to Join the Scoreboard
Show All
Scores
Hide
Comments
May contain spoilers
Recently Published
Colored Red Africa Blitz
by spor1
Geography
30s
Find the 'City' Movie
by crazypaving
Movies
60s
5x2 Blitz: Bands
by SL_Kpop136
Music
30s
More to Explore
Quiz From the Vault
Featured Blog Post
14 Easter Pick-up Lines to Find Eggs With
hide this ad
You Might Also Like...
Tags
Football Quiz
cfl
CFL Champions
CFL Outstanding
CFL Quarterbacks
Football Award
Today's Top Quizzes in Sports
Browse Sports
hide this ad
Today's Top Quizzes in Football
Browse Football
Top Contributed Quizzes in Sports
1
Les entraîneurs de l'OM et du PSG au 21e siècle
2
Les meilleurs buteurs des matchs entre le PSG et l’OM
3
Les joueurs passés par le PSG et l'OM
4
Players with Multiple 50 Home Run Seasons
5
2022 World Cup Stars
6
Criteria MLB: Left Handed Sluggers
7
NBA Logic Puzzle 2.0
8
MLB Players with Two .350 Batting Average Seasons
9
Top 10 NHL Goal Scorers of All Time
10
Les joueurs passés par le LOSC et le RC Lens
Explore More
Trending Topics
Marvel
Crossword
Anime
Disney
Harry Potter
NBA
Kpop
Country
Pokémon
Puzzle
NFL
WWE
Song
The Office
Soccer
hide this ad
More By:
thehammer1
Quiz
Plays
Rating
Category
Featured
Created
Disney animated movie settings
1,858
3.00
Entertainment
Feb 18, 2011
disney character by E True Hollywood story
570
2.67
Entertainment
Feb 21, 2011
Canada's most dangerous cities
565
4.00
Geography
Jan 1, 2011
Rickey Henderson's Teams
182
4.67
Sports
Jul 20, 2011
Canada's fattest cities
155
4.00
Geography
Dec 30, 2010
Go to Creator's Profile
Score Distribution
Quiz Creator Spotlight
thehammer1
Follow
Send a Message
Quizzes Created
-
Created Quiz Play Count
-
More By This Creator
Popular Quizzes Today
1
Colored Red Africa Blitz
2
Find the 'City' Movie
3
5x2 Blitz: Bands
4
Find the US States - No Outlines Minefield
5
The Countries of the World
6
Find the US States
7
US States
8
Find the Countries of Europe - No Outlines Minefield
More Sports Quizzes
UEFA Champions League Winners - I
Quiz Lab
Trending Quizzes
Colored Red Europe Blitz I
Colored Red Europe Blitz II
Colored Red Africa Blitz II
Colored Red Europe Blitz III
Colored Red Africa Blitz III
Recently Updated
How Do You Spell That?
pecheneg
Godzilla Movies
pecheneg
Grab Bag: 4-10 Letters
pecheneg
2024 March Madness Bracket
pecheneg
Famous TV Couples
Peacemaker
Champions League XIs: Real Madrid
pecheneg
Largest US Cities 1790-2010
pecheneg
Rides in Walt Disney World
pecheneg
Most Oscar Losses (Acting)
pecheneg
Beyoncé Albums
pecheneg
Trending Topics
Harry Potter
Crossword
Marvel
Kpop
NBA
Disney
Anime
Pokémon
Puzzle
Song
The Office
NFL
Country
WWE
Soccer
Your Account Isn't Verified!
In order to create a playlist on Sporcle, you need to verify the email address you used during registration. Go to your
Sporcle Settings
to finish the process.
Report this User
Report this user for behavior that violates our
Community Guidelines
.
Details:
Send Report
Go to the Sporcle.com Mobile Site →
Comments